Statystyki dla Liczby od 1 do 20

Kliknij tutaj aby rozwiązać quiz!

Ogólne statystyki

  • Ten quiz został rozwiązany 69 razy
  • Średni wynik to 19 z 20

Statystyki odpowiedzi

#Liczba% Poprawnych
#1
100%
#2
100%
#3
100%
#10
96%
#13
96%
#14
96%
#15
96%
#16
96%
#4
96%
#5
96%
#6
96%
#7
96%
#8
96%
#9
96%
#11
92%
#12
92%
#17
92%
#18
92%
#19
92%
#20
92%

Rozkład punktacji

Percentyl według liczby udzielonych odpowiedzi

Procent ludzi z każdym wynikiem

Twoja historia wyników

Nie rozwiązałeś tego quizu